Origami Animals Quiz Stats

Quiz Updated Jun 9, 2013

Challenge
Share
Tweet
Score 0/15 Timer 02:00
4 Plays Today
% Correct
Rabbit
99.4%
Mouse
99.2%
Elephant
99.2%
Fox
99.2%
Penguin
98.7%
Chicken
98.7%
Camel
98.3%
Pig
98.2%
% Correct
Snake
98%
Swan
97.7%
Crocodile
97.5%
Monkey
96.9%
Sting Ray
93.2%
Caterpillar
93.2%
Crane
60.5%

You're not logged in!

Compare scores with friends on all Sporcle quizzes.
Join for Free
OR
Log In

You Might Also Like...

Show Comments

Extras

Top Quizzes Today


Score Distribution

Your Account Isn't Verified!

In order to create a playlist on Sporcle, you need to verify the email address you used during registration. Go to your Sporcle Settings to finish the process.

Report this User

Report this user for behavior that violates our Community Guidelines.

Details: